00926cam a2200241 a 450000100100000000500170001000800410002704000250006808200200009310000470011324500810016026000350024130000260027649000310030265000300033365000310036365100320039465100320042670000490045883000390050795201230054699900150066900000562420200929151726.0780720s1942 sp 000 e spa d aDO-SdBNPbspacBNPHU a864.5bL333arti1 aLarra, Mariano José de,d1809-18379873910aArtículos de costumbres /cprólogo y notas de José R. Lomba y Pedraja. aMadrid :bEspasa-Calpe,c1942. axii, 279 p. ;c18 cm.1 aClásicos castellanosv45 4aEnsayos españoles93095 4aLiteratura española9632 4aEspañaxCostumbres915871 4aEspañaxPeriodismo9158721 aLomba y Pedraja, José Ramón,eed.915873 0aClásicos castellanos ;v4594180 001054708MOaGRbGRcHDd2009-08-20iLF1l0o864.5 L333artip5624-10r2020-06-25w2020-06-25y4ZPréstamo en sala c5423d5423